| 000 | 00601nam a2200181Ia 4500 | ||
|---|---|---|---|
| 003 | GCL | ||
| 008 | 140319s9999 xx 000 0 ara d | ||
| 040 |
_aGCL / _cGCL |
||
| 082 | 0 | 4 |
_a301.07 _bم ب |
| 100 | 1 | _aمحمد شفيق | |
| 245 | 1 | 0 |
_aالبحث العلمى الخطوات المنهجية لاعداد البحوث الاجتماعية / _cمحمد شفيق |
| 260 |
_a[S.N] : _bالمكتب الجامعى الحديث ، _c1994 |
||
| 300 | _a326 ص | ||
| 490 | _a | ||
| 650 | 0 | 4 | _aالخدمة الاجتماعية |
| 650 | 0 | 4 | _aطرق البحث الاجتماعى |
| 942 |
_2ddc _cBK |
||
| 999 |
_c58698 _d58698 |
||